| 000 | 00650nam a2200217Ia 4500 | ||
|---|---|---|---|
| 003 | GCL | ||
| 008 | 140319s9999 xx 000 0 ara d | ||
| 040 |
_aGCL / _cGCL |
||
| 082 | 0 | 4 |
_aق _b930.1 _bس ا |
| 100 | 1 | _aسيد توفيق | |
| 245 | 1 | 0 |
_aاهم اثار الاقصر الفرعونية / _cسيد توفيق |
| 260 |
_aالقاهرة : _bدار النهضة العربية ، _c1982 |
||
| 300 |
_a406 ص ؛ _c24 سم |
||
| 490 | _a | ||
| 650 | 0 | 4 | _aمصر |
| 650 | 0 | 4 | _aالاثار الفرعونية |
| 650 | 0 | 4 | _aالفن المصرى القديم |
| 650 | 0 | 4 | _aتاريخ قديم |
| 650 | 0 | 4 | _aالاقصر |
| 942 |
_2ddc _cBK |
||
| 999 |
_c45273 _d45273 |
||